[Event "SVK-chT 2324"]
[Site "Slovakia"]
[Date "2023.12.09"]
[Round "3.6"]
[White "Skreko, Igor1"]
[Black "Brnusak, Tomas"]
[Result "0-1"]
[WhiteElo "2187"]
[BlackElo "2171"]
[PlyCount "84"]
[EventDate "2023.11.04"]
[EventType "team-tourn"]
[EventRounds "11"]
[EventCountry "SVK"]
[SourceTitle "CB04_2024"]
[SourceDate "2023.10.16"]
[SourceVersion "1"]
[SourceVersionDate "2023.10.16"]
[SourceQuality "1"]
[WhiteTeam "Osuske"]
[BlackTeam "Liptov Chess School"]
[WhiteTeamCountry "SVK"]
[BlackTeamCountry "SVK"]

1. d4 Nf6 2. c4 e6 3. Nc3 Bb4 4. e3 0-0 5. Bd2 b6 6. Nf3 Bb7 7. Bd3 d6 8. Qc2 Qe7 9. a3 Bxc3 10. Bxc3 Nbd7 11. 0-0 e5 12. Nd2 Rfe8 13. d5 c6 14. e4 Nf8 15. g3 Ng6 16. Rae1 Bc8 17. f3 c5 18. Rf2 h6 19. Nf1 Nh7 20. f4 exf4 21. gxf4 Qh4 22. Qd2 Bh3 23. Ng3 Qg4 24. Kh1 Nh4 25. Be2 Qd7 26. Rg1 g6 27. Qd3 Kf8 28. Bd1 a6 29. f5 Ng5 30. fxg6 Nxg6 31. Bh5 Ne5 32. Bxe5 Rxe5 33. Bg6 Qe7 34. Bf5 Re8 35. Rf4 Qf6 36. Nh5 Rxf5 37. Nxf6 Rxf4 38. Nxe8 Nxe4 39. Rg2 Bxg2+ 40. Kxg2 Kxe8 41. Qe3 Rh4 42. Qb3 Rg4+ 0-1

[Event "Wch U18"]
[Site "Montesilvano"]
[Date "2023.11.13"]
[Round "1"]
[White "Ohanyan, Emin"]
[Black "Brnusak, Tomas"]
[Result "1-0"]
[WhiteElo "2466"]
[BlackElo "2171"]
[PlyCount "67"]
[EventDate "2023.11.13"]
[EventType "swiss"]
[EventRounds "11"]
[EventCountry "ITA"]
[SourceTitle "CB48_2023"]
[SourceDate "2023.11.29"]
[SourceVersion "1"]
[SourceVersionDate "2023.11.29"]
[SourceQuality "1"]

1. d4 d5 2. c4 dxc4 3. e4 Nf6 4. e5 Nd5 5. Bxc4 Bf5 6. Nc3 e6 7. Nge2 c6 8. 0-0 Be7 9. Ng3 Bg6 10. f4 0-0 11. f5 exf5 12. Nxf5 Nb6 13. Bb3 c5 14. d5 c4 15. Bc2 Bc5+ 16. Kh1 Re8 17. Bf4 Bf8 18. Qf3 N8d7 19. Rae1 Nc5 20. Bg3 Qd7 21. h4 Nd3 22. Bxd3 cxd3 23. Qxd3 Rac8 24. d6 Rc5 25. Qf3 Bxf5 26. Qxf5 Qxf5 27. Rxf5 Nc4 28. b4 Rc6 29. Nd5 f6 30. d7 Rd8 31. e6 Ra6 32. e7 Bxe7 33. Rxe7 Kf8 34. Re8+ 1-0

[Event "Skalica op-A"]
[Site "Skalica"]
[Date "2023.08.20"]
[Round "2"]
[White "Druska, Juraj"]
[Black "Brnusak, Tomas"]
[Result "1-0"]
[WhiteElo "2478"]
[BlackElo "2238"]
[PlyCount "77"]
[EventDate "2023.08.19"]
[EventType "swiss"]
[EventRounds "9"]
[EventCountry "SVK"]
[SourceTitle "CBM 215 Extra"]
[Source "ChessBase"]
[SourceDate "2023.09.30"]
[SourceVersion "1"]
[SourceVersionDate "2023.09.30"]
[SourceQuality "1"]

1. d4 Nf6 2. c4 g6 3. Nc3 Bg7 4. e4 d6 5. h3 0-0 6. Be3 c5 7. Nf3 cxd4 8. Nxd4 Nc6 9. Be2 Bd7 10. 0-0 Nxd4 11. Bxd4 Bc6 12. Qc2 a5 13. Rad1 Nd7 14. Bxg7 Kxg7 15. Bg4 Nc5 16. e5 f5 17. Be2 f4 18. Nd5 dxe5 19. Qc3 Qb8 20. Nxe7 Ne4 21. Qa3 Nf6 22. Rd6 Ne4 23. Rdd1 Nf6 24. Rd6 Ne4 25. Rd3 Be8 26. Bf3 Nf6 27. Re1 Qc7 28. Nd5 Qxc4 29. Nb6 Qb4 30. Qxb4 axb4 31. Nxa8 Bb5 32. Rb3 Rxa8 33. Rxb4 Bc6 34. Rxe5 Bxf3 35. gxf3 Rxa2 36. Rxf4 Nh5 37. Rb4 Kh6 38. Reb5 Ng7 39. Rh4+ 1-0

[Event "SVK-chT2C 2223"]
[Site "Slovakia"]
[Date "2023.03.25"]
[Round "10.1"]
[White "Vrana, Frantisek"]
[Black "Brnusak, Tomas"]
[Result "0-1"]
[WhiteElo "2220"]
[BlackElo "2151"]
[PlyCount "120"]
[EventDate "2022.10.08"]
[EventType "team-tourn"]
[EventRounds "11"]
[EventCountry "SVK"]
[SourceTitle "EXT 2024"]
[Source "ChessBase"]
[SourceDate "2023.10.10"]
[SourceVersion "1"]
[SourceVersionDate "2023.10.10"]
[SourceQuality "1"]
[WhiteTeam "Rajecke Teplice"]
[BlackTeam "Liptov Chess School III"]
[WhiteTeamCountry "SVK"]
[BlackTeamCountry "SVK"]

1. d4 Nf6 2. Nf3 g6 3. Bf4 b6 4. e3 Bb7 5. Be2 Bg7 6. h3 d6 7. 0-0 0-0 8. Nbd2 Nbd7 9. Bh2 Re8 10. Nc4 Ne4 11. a4 e5 12. c3 h6 13. Qb3 Kh7 14. Na5 bxa5 15. Qxb7 f5 16. Bb5 a6 17. Bxd7 Qxd7 18. dxe5 Rab8 19. Qxa6 Rxb2 20. Qxa5 Qc6 21. Nd4 Qb7 22. exd6 cxd6 23. c4 Nxf2 24. Qd5 Rxe3 25. Nb5 Qxd5 26. cxd5 Ree2 27. Bxd6 Ne4 28. Bc7 Rxg2+ 29. Kh1 Ng3+ 30. Bxg3 Rxg3 31. Ra3 Rxa3 32. Nxa3 Rb3 33. Nb5 Rxh3+ 34. Kg2 Rd3 35. d6 Be5 36. a5 Bxd6 37. a6 Rd2+ 38. Rf2 Rxf2+ 39. Kxf2 Bc5+ 40. Kg2 g5 41. a7 Bxa7 42. Nxa7 Kg6 43. Nc6 h5 44. Kg3 h4+ 45. Kf3 g4+ 46. Kf4 h3 47. Ne5+ Kh5 48. Kg3 f4+ 49. Kh2 Kh4 50. Ng6+ Kg5 51. Ne7 Kf6 52. Ng8+ Kf5 53. Ne7+ Ke5 54. Ng8 Ke4 55. Nf6+ Kf3 56. Nh7 Ke2 57. Nf6 g3+ 58. Kxh3 f3 59. Ne4 g2 60. Kh2 f2 0-1